[Event "FIDE World Uni Rapid-A 1st"]
[Site "Tornelo INT"]
[Date "2021.03.20"]
[Round "6"]
[White "Gracia Alvarez, Gerardo Antonio"]
[Black "Obeysekara, TA Sajith Chathuran"]
[Result "1-0"]
[WhiteElo "2308"]
[BlackElo "1684"]
[PlyCount "95"]
[EventDate "2021.03.20"]
[EventType "swiss (rapid)"]
[EventRounds "12"]
[EventCountry "NET"]
[SourceTitle "CBM 201 Extra"]
[Source "ChessBase"]
[SourceDate "2021.05.31"]
[SourceVersion "1"]
[SourceVersionDate "2021.05.31"]
[SourceQuality "1"]

1. e4 g6 2. Nc3 Bg7 3. Bc4 d6 4. f4 Nc6 5. Nf3 Nf6 6. d3 0-0 7. a4 h6 8. 0-0 Nd7 9. Qe1 e5 10. f5 gxf5 11. exf5 Nf6 12. Qh4 Nh7 13. Qh5 Nf6 14. Qh4 Nh7 15. Qh3 Qf6 16. g4 Ng5 17. Nxg5 hxg5 18. Ne4 Qh6 19. Qxh6 Bxh6 20. h4 Rd8 21. hxg5 Bf8 22. Nf6+ Kg7 23. Kg2 Be7 24. Nh5+ Kf8 25. f6 d5 26. fxe7+ Nxe7 27. Bb3 Bxg4 28. Nf6 Be6 29. Bd2 Ng6 30. Rh1 c5 31. Raf1 c4 32. Bb4+ Ne7 33. Rh8+ Kg7 34. Rxd8 Rxd8 35. Bxe7 Rc8 36. dxc4 dxc4 37. Ba2 Kg6 38. c3 Kxg5 39. Bb1 Rh8 40. Nh7+ Kg4 41. Be4 Rxh7 42. Bxh7 Bd5+ 43. Kf2 f5 44. Bd6 e4 45. Ke3 Be6 46. Rf4+ Kg5 47. Be7+ Kh6 48. Bxf5 1-0

[Event "SRI-chB"]
[Site "Colombo"]
[Date "2018.03.03"]
[Round "5"]
[White "De Silva, Elath Mathanga"]
[Black "Obeysekara, TA Sajith Chathuran"]
[Result "1/2-1/2"]
[WhiteElo "1880"]
[BlackElo "1659"]
[PlyCount "60"]
[EventDate "2018.03.01"]
[EventType "swiss"]
[EventRounds "10"]
[EventCountry "SRI"]
[SourceTitle "EXT 2019"]
[Source "ChessBase"]
[SourceDate "2018.10.10"]
[SourceVersion "1"]
[SourceVersionDate "2018.10.10"]
[SourceQuality "1"]

1. d4 f5 2. Nc3 Nf6 3. Bg5 e6 4. e4 fxe4 5. Nxe4 Be7 6. Bxf6 Bxf6 7. Nf3 0-0 8. Bd3 d5 9. Nxf6+ Qxf6 10. Qe2 Nc6 11. c3 a6 12. 0-0 Bd7 13. Rae1 Rf7 14. Ne5 Nxe5 15. Qxe5 Qxe5 16. Rxe5 b5 17. f4 g6 18. g3 Rc8 19. Be2 c5 20. dxc5 Rxc5 21. Bg4 Rc6 22. Rfe1 Rf6 23. h4 h5 24. Bh3 Kf7 25. a3 a5 26. Bf1 Rb6 27. Ra1 Ke7 28. Bd3 Kd6 29. Kf2 Be8 30. Ke3 Rf8 1/2-1/2

[Event "SRI-chB"]
[Site "Colombo"]
[Date "2018.03.01"]
[Round "2"]
[White "De Silva, Osheen"]
[Black "Obeysekara, TA Sajith Chathuran"]
[Result "1/2-1/2"]
[WhiteElo "1876"]
[BlackElo "1659"]
[PlyCount "47"]
[EventDate "2018.03.01"]
[EventType "swiss"]
[EventRounds "10"]
[EventCountry "SRI"]
[SourceTitle "EXT 2019"]
[Source "ChessBase"]
[SourceDate "2018.10.10"]
[SourceVersion "1"]
[SourceVersionDate "2018.10.10"]
[SourceQuality "1"]

1. e4 d6 2. d4 c6 3. f4 Qc7 4. Nf3 Bg4 5. h3 Bxf3 6. Qxf3 e5 7. c3 Nf6 8. Bc4 exd4 9. cxd4 d5 10. exd5 cxd5 11. Bb5+ Nc6 12. 0-0 0-0-0 13. Bxc6 bxc6 14. Nc3 Bd6 15. a3 Rhe8 16. b4 Qb6 17. Qd3 Ne4 18. Be3 a6 19. Rac1 Kb7 20. Rc2 Nxc3 21. Rxc3 Re4 22. Rfc1 Rc8 23. g3 Ree8 24. Qc2 1/2-1/2